| 000 | 00920cab a2200265 4500 | ||
|---|---|---|---|
| 001 | ABS55774 | ||
| 008 | 090401t1996 xxu||||| |||| 00| 0 eng d | ||
| 035 | _a(Sirsi) u18720 | ||
| 041 | _aeng | ||
| 245 | _aManchester construction focus | ||
| 260 | _c1996 | ||
| 300 | _aLOAN | ||
| 350 | _a0 | ||
| 490 |
_aNew Civil Engineer _vSupplement September 1996, (29) |
||
| 520 | _aSupplement on construction in Manchester. Covers the aftermath of the IRA bomb, regeneration, transport, Manchester`s stadium bid, the retail market, construction firms` workload and a round-up of local projects. | ||
| 650 | _aCONSTRUCTION WORKLOAD | ||
| 650 | _aMANCHESTER BOMB | ||
| 650 | _aMANCHESTER | ||
| 650 | _aNORTHWEST ENGLAND | ||
| 650 | _aPROPERTY-COMMERCIAL PROPERTY-RETAIL PROPERTY-RETAIL PROPERTY MARKET | ||
| 650 | _aTRANSPORT | ||
| 690 | _aBUILDING AND CONSTRUCTION-PROJECTS | ||
| 942 | _n0 | ||
| 948 | _c04/03/1997 | ||
| 999 |
_c12458 _d12458 |
||